| 000 | 00753nam a2200265 a 4500 | ||
|---|---|---|---|
| 001 | BRL_19 | ||
| 005 | 20190320210543.0 | ||
| 008 | 910618s1990 mx-#######---#000-0#spa-# | ||
| 020 | _a9688341886 | ||
| 040 |
_aDLC _cDLC _dDLC |
||
| 041 | _aspa | ||
| 044 | _amx | ||
| 050 | 4 |
_aPQ7297 _b.I23 1990 |
|
| 100 | 1 |
_aIcaza, Xavier _922669 |
|
| 245 | 1 | 0 |
_aGente mexicana _b(novelas) _cXavier Icaza ; prólogo Abel Juárez Martínez. |
| 260 |
_aMéxico _bUniversidad Veracruzana _c1990 |
||
| 300 |
_a80 p. _c21 cm. |
||
| 440 | 0 |
_aColección rescate _v33 _922670 |
|
| 500 | _aAu85 | ||
| 650 | 1 | 4 |
_anovela mexicana _zVeracruz _922671 |
| 650 | 1 | 4 |
_aLiteratura mexicana _910506 |
| 700 | 1 |
_aJuárez Martínez, Abel _eprol. _922672 |
|
| 902 | _aGRL | ||
| 942 |
_2lcc _cB |
||
| 999 |
_c8832 _d8832 |
||